Statistiques concernant Equipe de France féminine coupe du monde 2023

Cliquez ici pour prendre le quiz!

Statistiques générales

  • Ce quiz a été pris 28 fois
  • Le résultat moyen est 13 sur 23

Statistiques - réponses

ClubNuméroPosteRéponse% Correct
OL3DWendie Renard
95%
OL9AEugenie Le Sommer
86%
OL13DSelma Bacha
86%
PSG5DElisa De Almeida
82%
PSG8MGrace Geyoro
82%
PSG11AKadidiatou Diani
82%
PSG7DSakina Karchaoui
82%
PSG20DEstelle Cascarino
77%
Juventus16GPauline Peyraud Magnin
73%
Chelsea22DEve Perisset
64%
OL10MAmel Majri
55%
Aston Villa15MKenza Dali
50%
Montpellier FC2DMaelle Lakrar
50%
West Ham United18AVivianne Asseyi
50%
PFC12AClara Mateo
45%
Real Madrid6MSandie Toletti
45%
Fleury17MLea Le Garrec
41%
OL23AVicki Becho
41%
PSG21GConstance Picaud
32%
Dijon FCO1GSolene Durand
32%
Real Madrid19ANaomie Feller
23%
Manchester United14DAissatou Toukara
9%
PSG4MLaurina Fazer
9%

Distribution des résultats

Percentile par nombre de réponses

% des personnes avec chaque résultat

Votre développement - résultats

Vous n’avez pas pris ce quiz